[Event "RF-2023-0-00526"]
[Site "LSS email"]
[Date "2023.01.22"]
[Round "?"]
[White "Jurik, Jimmy"]
[Black "Verich, Oleg"]
[Result "1-0"]
[WhiteElo "1110"]
[BlackElo "1106"]
[PlyCount "65"]
[EventDate "2022.09.16"]
[EventType "tourn (corr)"]
[EventRounds "6"]
[EventCountry "GER"]
[SourceTitle "Corr 2024"]
[Source "ChessBase"]
[SourceDate "2023.10.19"]
[SourceVersion "1"]
[SourceVersionDate "2023.10.19"]
[SourceQuality "1"]

1. c4 Nf6 2. Nc3 e5 3. g3 Bb4 4. Bg2 0-0 5. Nf3 Nc6 6. 0-0 Re8 7. Nd5 Bc5 8. d3 d6 9. Bg5 Be6 10. Nxf6+ gxf6 11. Bh6 Kh8 12. Nh4 Rg8 13. e3 Rb8 14. Be4 Ne7 15. Qf3 Ng6 16. Nf5 Bxf5 17. Qxf5 c6 18. h4 d5 19. cxd5 cxd5 20. Bxd5 Nxh4 21. Qe4 Ng6 22. Bxf7 Rg7 23. Bxg7+ Kxg7 24. Bb3 b6 25. Kg2 Qd6 26. Rh1 Rd8 27. Bc2 Rf8 28. Rh5 Qd7 29. Rah1 Rh8 30. Rh6 Nf8 31. d4 exd4 32. Rxh7+ Nxh7 33. Rxh7+ 1-0

[Event "RF-2023-0-00526"]
[Site "LSS email"]
[Date "2023.01.01"]
[Round "?"]
[White "Verich, Oleg"]
[Black "Hickl, Norbert"]
[Result "1-0"]
[WhiteElo "1106"]
[BlackElo "1070"]
[PlyCount "89"]
[EventDate "2022.09.16"]
[EventType "tourn (corr)"]
[EventRounds "6"]
[EventCountry "GER"]
[SourceTitle "Corr 2024"]
[Source "ChessBase"]
[SourceDate "2023.10.19"]
[SourceVersion "1"]
[SourceVersionDate "2023.10.19"]
[SourceQuality "1"]

1. Nf3 Nf6 2. d4 e6 3. Bg5 Be7 4. Nbd2 h6 5. Bxf6 Bxf6 6. e4 d5 7. e5 Be7 8. Bd3 c5 9. c3 c4 10. Bc2 Bd7 11. 0-0 Bc6 12. Ne1 Nd7 13. f4 Qb6 14. b3 Qa5 15. Rf3 0-0-0 16. Rh3 g5 17. f5 h5 18. b4 Qb6 19. Kh1 g4 20. Re3 Bg5 21. Re2 a5 22. a3 Kc7 23. Nf1 h4 24. Rb1 axb4 25. Rxb4 Qa5 26. Ba4 Bxa4 27. Qxa4 Qxa4 28. Rxa4 exf5 29. Nc2 Ra8 30. Rb4 Be7 31. Rb1 Bxa3 32. Nfe3 Ra5 33. Nxf5 Bf8 34. Nfe3 Rg8 35. Nf5 Rh8 36. g3 h3 37. Nfe3 Rg8 38. Rf2 Bh6 39. Nf5 Bg5 40. Nfe3 Bxe3 41. Nxe3 Ra3 42. Nxd5+ Kd8 43. Rxf7 Rxc3 44. Nxc3 Ke8 45. e6 1-0

[Event "OP-2022-0-05323"]
[Site "LSS email"]
[Date "2022.08.31"]
[Round "?"]
[White "Swiatek, Janusz"]
[Black "Verich, Oleg"]
[Result "1-0"]
[WhiteElo "2035"]
[BlackElo "1183"]
[PlyCount "41"]
[EventDate "2022.08.28"]
[EventType "tourn (corr)"]
[EventRounds "4"]
[EventCountry "GER"]
[SourceTitle "Corr 2024"]
[Source "ChessBase"]
[SourceDate "2023.10.19"]
[SourceVersion "1"]
[SourceVersionDate "2023.10.19"]
[SourceQuality "1"]

1. e4 Nf6 2. e5 Nd5 3. c4 Nb6 4. d4 d6 5. f4 g6 6. Nc3 Bg7 7. Be3 0-0 8. c5 N6d7 9. h4 dxc5 10. dxc5 Re8 11. h5 Nf8 12. Qb3 b6 13. hxg6 hxg6 14. Rd1 Bd7 15. Bc4 e6 16. Ne4 Qe7 17. Qc3 Nh7 18. Bd4 Bc6 19. Nf6+ Bxf6 20. exf6 Qd8 21. Qh3 1-0

[Event "LSS SF-2022-0-00524"]
[Site "LSS email"]
[Date "2022.08.14"]
[Round "?"]
[White "Verich, Oleg"]
[Black "Shim Ng Min, Francis"]
[Result "1/2-1/2"]
[WhiteElo "1165"]
[BlackElo "1015"]
[PlyCount "98"]
[EventDate "2022.04.08"]
[EventType "tourn (corr)"]
[EventRounds "6"]
[EventCountry "GER"]
[SourceTitle "Corr 2024"]
[Source "ChessBase"]
[SourceDate "2023.10.19"]
[SourceVersion "1"]
[SourceVersionDate "2023.10.19"]
[SourceQuality "1"]

1. Nf3 Nf6 2. d4 d5 3. Bf4 e6 4. e3 Bd6 5. Ne5 0-0 6. Bd3 c5 7. c3 cxd4 8. exd4 Nc6 9. Nd2 h6 10. Bg3 Be7 11. f4 Nxe5 12. fxe5 Nd7 13. 0-0 b6 14. Qh5 f5 15. Bf4 Bg5 16. Bxg5 Qxg5 17. Qxg5 hxg5 18. Nf3 g4 19. Nd2 Rf7 20. g3 Nf8 21. Rf2 Bb7 22. h3 gxh3 23. Rh2 g5 24. Rxh3 Rh7 25. Rxh7 Nxh7 26. Kf2 Kg7 27. b3 g4 28. a4 Ng5 29. Rh1 Rh8 30. Rxh8 Kxh8 31. Ke3 Kg7 32. Bf1 Kf7 33. Bg2 Ke7 34. c4 Kd7 35. cxd5 exd5 36. Kf4 Ne6+ 37. Kxf5 Nxd4+ 38. Kxg4 Ke6 39. b4 Nc2 40. Kf4 Nxb4 41. Bh3+ Ke7 42. Nf3 Bc6 43. a5 bxa5 44. Ke3 a4 45. Nd4 Be8 46. Bg2 Nc6 47. Bxd5 Nxe5 48. Nc2 Bf7 49. Bxf7 Kxf7 1/2-1/2

[Event "RE-2022-0-00230"]
[Site "LSS email"]
[Date "2022.07.30"]
[Round "?"]
[White "Glowinski, Daniel"]
[Black "Verich, Oleg"]
[Result "1-0"]
[WhiteElo "1393"]
[BlackElo "1165"]
[PlyCount "57"]
[EventDate "2020.12.25"]
[EventType "tourn (corr)"]
[EventRounds "6"]
[EventCountry "GER"]
[SourceTitle "Corr 2024"]
[Source "ChessBase"]
[SourceDate "2023.10.19"]
[SourceVersion "1"]
[SourceVersionDate "2023.10.19"]
[SourceQuality "1"]

1. e4 Nf6 2. e5 Nd5 3. d4 d6 4. c4 Nb6 5. Nf3 g6 6. exd6 cxd6 7. Be2 Bg7 8. Nc3 0-0 9. 0-0 Nc6 10. Be3 e5 11. Bg5 f6 12. Be3 f5 13. dxe5 dxe5 14. Qb3 Kh8 15. Rad1 Nd4 16. Nxd4 exd4 17. Bxd4 Bxd4 18. Nb5 Bxf2+ 19. Rxf2 Qf6 20. Nc7 Rb8 21. Qa3 Qf7 22. c5 Qxc7 23. cxb6 Qg7 24. bxa7 Ra8 25. Bf3 Be6 26. Re2 Qf7 27. Qd6 Bxa2 28. Re7 Qg8 29. Qd4+ 1-0

[Event "RE-2022-0-00230"]
[Site "LSS email"]
[Date "2022.07.30"]
[Round "?"]
[White "Pehl, Ferenc"]
[Black "Verich, Oleg"]
[Result "0-1"]
[WhiteElo "1241"]
[BlackElo "1165"]
[PlyCount "76"]
[EventDate "2020.12.25"]
[EventType "tourn (corr)"]
[EventRounds "6"]
[EventCountry "GER"]
[SourceTitle "Corr 2024"]
[Source "ChessBase"]
[SourceDate "2023.10.19"]
[SourceVersion "1"]
[SourceVersionDate "2023.10.19"]
[SourceQuality "1"]

1. e4 Nf6 2. e5 Nd5 3. d4 d6 4. exd6 cxd6 5. Nf3 Bg4 6. Be2 Nc6 7. h3 Bh5 8. 0-0 e6 9. c4 Nb6 10. Re1 d5 11. c5 Nd7 12. Nc3 Be7 13. Be3 0-0 14. a3 Bf6 15. Nb5 b6 16. b4 a6 17. Nd6 Be7 18. Bf4 Bxf3 19. Bxf3 Nf6 20. Be3 Bxd6 21. cxd6 Qxd6 22. Qd2 Qd7 23. Rec1 Rfc8 24. Rc2 Ne7 25. Rac1 Nf5 26. Rxc8+ Rxc8 27. Rxc8+ Qxc8 28. a4 Qc6 29. a5 Ne4 30. Bxe4 dxe4 31. axb6 Qxb6 32. Qc3 h6 33. g4 Nh4 34. Qc5 Nf3+ 35. Kh1 Qb8 36. Kg2 Qh2+ 37. Kf1 Qg1+ 38. Ke2 Qe1# 0-1

[Event "LSS SF-2022-0-00523"]
[Site "LSS email"]
[Date "2022.06.15"]
[Round "?"]
[White "Verich, Oleg"]
[Black "Hickl, Norbert"]
[Result "1-0"]
[WhiteElo "1149"]
[BlackElo "1103"]
[PlyCount "45"]
[EventDate "2022.03.24"]
[EventType "tourn (corr)"]
[EventRounds "6"]
[EventCountry "GER"]
[SourceTitle "Corr 2024"]
[Source "ChessBase"]
[SourceDate "2023.10.19"]
[SourceVersion "1"]
[SourceVersionDate "2023.10.19"]
[SourceQuality "1"]

1. Nf3 e6 2. g3 Nf6 3. Bg2 d5 4. 0-0 Be7 5. d4 Nbd7 6. Nfd2 0-0 7. e4 dxe4 8. Nxe4 Nxe4 9. Bxe4 Nf6 10. Bg2 Rb8 11. c4 c6 12. Nc3 Qb6 13. b3 Rd8 14. Be3 c5 15. d5 exd5 16. Nxd5 Nxd5 17. cxd5 Bf5 18. Rc1 Rbc8 19. Qf3 Bd7 20. Rfd1 Qc7 21. d6 Bxd6 22. Qxb7 Bc6 23. Qxc7 1-0

[Event "LSS No Engine Cup 227 Preliminary 0"]
[Site "LSS email"]
[Date "2022.05.26"]
[Round "?"]
[White "Lukin, Andrey"]
[Black "Verich, Oleg"]
[Result "1-0"]
[WhiteElo "1707"]
[BlackElo "1315"]
[PlyCount "97"]
[EventDate "2022.05.26"]
[EventType "tourn (corr)"]
[EventRounds "6"]
[EventCountry "GER"]
[SourceTitle "Corr 2024"]
[Source "ChessBase"]
[SourceDate "2023.10.19"]
[SourceVersion "1"]
[SourceVersionDate "2023.10.19"]
[SourceQuality "1"]

1. e4 Nf6 2. e5 Nd5 3. d4 d6 4. c4 Nb6 5. f4 g6 6. Nc3 Bg7 7. Nf3 0-0 8. Be3 Na6 9. Qd2 Be6 10. d5 Bc8 11. Be2 Bg4 12. exd6 exd6 13. 0-0 Re8 14. h3 Bxf3 15. Rxf3 f5 16. Kh2 Nd7 17. a3 Nac5 18. Bd1 Ne4 19. Nxe4 Rxe4 20. Rc1 Qh4 21. g3 Qf6 22. b4 Nb6 23. Qd3 Nd7 24. c5 dxc5 25. bxc5 Rd8 26. Bb3 Kh8 27. c6 bxc6 28. Rxc6 Qe7 29. Rxc7 Qd6 30. Rxa7 Nc5 31. Qb5 Nxb3 32. Qb7 Qf6 33. Qxb3 Qb2+ 34. Qxb2 Bxb2 35. Ra5 Rde8 36. Bc5 Bd4 37. g4 Re2+ 38. Kg3 Bxc5 39. Rxc5 Rd2 40. gxf5 gxf5 41. a4 Rg8+ 42. Kh4 Rdg2 43. a5 R2g6 44. Rc6 Ra8 45. d6 Rxa5 46. d7 Rd5 47. Rc8+ Rg8 48. Rg3 h5 49. Rcxg8+ 1-0

[Event "LSS No Engine Cup 227 Preliminary 0"]
[Site "LSS email"]
[Date "2022.05.26"]
[Round "?"]
[White "Verich, Oleg"]
[Black "Huber, Karl"]
[Result "0-1"]
[WhiteElo "1315"]
[BlackElo "2108"]
[PlyCount "70"]
[EventDate "2022.05.26"]
[EventType "tourn (corr)"]
[EventRounds "6"]
[EventCountry "GER"]
[SourceTitle "Corr 2024"]
[Source "ChessBase"]
[SourceDate "2023.10.19"]
[SourceVersion "1"]
[SourceVersionDate "2023.10.19"]
[SourceQuality "1"]

1. Nf3 d5 2. g3 c5 3. Bg2 g6 4. 0-0 Bg7 5. d4 cxd4 6. Nxd4 e5 7. Nb3 Ne7 8. c4 d4 9. Nc5 Nbc6 10. Qb3 b6 11. Nd3 0-0 12. Nb4 Na5 13. Qd1 Bb7 14. Na3 Bxg2 15. Kxg2 Nb7 16. f3 a5 17. Nd3 Re8 18. b3 Nd6 19. Nc2 Nef5 20. Rb1 Ra7 21. e4 dxe3 22. Nxe3 Nxe3+ 23. Bxe3 Nf5 24. Qe2 e4 25. fxe4 Rxe4 26. Rxf5 gxf5 27. Nf2 Qe8 28. Nxe4 Qxe4+ 29. Qf3 Qxb1 30. Bxb6 Re7 31. Qa8+ Bf8 32. Qxa5 Re2+ 33. Bf2 Qe4+ 34. Kf1 Qf3 35. Qb6 Rb2 0-1

[Event "LSS No Engine Cup 224 Preliminary 0"]
[Site "LSS email"]
[Date "2022.01.08"]
[Round "?"]
[White "Korchut, Adam"]
[Black "Verich, Oleg"]
[Result "1-0"]
[WhiteElo "1988"]
[BlackElo "1308"]
[PlyCount "65"]
[EventDate "2022.01.08"]
[EventType "tourn (corr)"]
[EventRounds "6"]
[EventCountry "GER"]
[SourceTitle "Corr 2024"]
[Source "ChessBase"]
[SourceDate "2023.10.19"]
[SourceVersion "1"]
[SourceVersionDate "2023.10.19"]
[SourceQuality "1"]

1. e4 Nf6 2. e5 Nd5 3. d4 d6 4. Nf3 Bg4 5. Be2 Nc6 6. 0-0 e6 7. c4 Nb6 8. exd6 cxd6 9. Nc3 Bxf3 10. Bxf3 Be7 11. d5 exd5 12. Nxd5 Ne5 13. Be4 0-0 14. b3 Nbd7 15. Bb2 Nc5 16. Bc2 Ncd7 17. f4 Ng6 18. Nxe7+ Qxe7 19. Re1 Qd8 20. f5 Nge5 21. Qxd6 Re8 22. Rxe5 Nxe5 23. Bxe5 Qa5 24. Bb2 Re1+ 25. Kf2 Rxa1 26. Qd4 Qe1+ 27. Kf3 Qf1+ 28. Kg3 f6 29. Bxa1 Qe2 30. Be4 Qxa2 31. Bd5+ Kh8 32. Qxf6 Qxb3+ 33. Kf4 1-0

[Event "LSS No Engine Cup 224 Preliminary 0"]
[Site "LSS email"]
[Date "2022.01.08"]
[Round "?"]
[White "Verich, Oleg"]
[Black "Mostowik, Pawel"]
[Result "0-1"]
[WhiteElo "1308"]
[BlackElo "2174"]
[PlyCount "60"]
[EventDate "2022.01.08"]
[EventType "tourn (corr)"]
[EventRounds "6"]
[EventCountry "GER"]
[SourceTitle "Corr 2024"]
[Source "ChessBase"]
[SourceDate "2023.10.19"]
[SourceVersion "1"]
[SourceVersionDate "2023.10.19"]
[SourceQuality "1"]

1. Nf3 d5 2. d4 e6 3. Bg5 Be7 4. Bxe7 Nxe7 5. Nbd2 0-0 6. e3 b6 7. Bd3 c5 8. c3 a5 9. Rc1 Bb7 10. 0-0 c4 11. Bb1 a4 12. Ng5 g6 13. Qg4 h6 14. Ngf3 Kg7 15. Nh4 Nd7 16. f4 a3 17. b3 cxb3 18. Nxb3 Nf6 19. Qh3 Ba6 20. Rfe1 Bc4 21. Nd2 b5 22. g4 h5 23. gxh5 Nxh5 24. Qg2 Rh8 25. Nhf3 Nf5 26. Nxc4 bxc4 27. Ng5 Rb8 28. e4 Nxf4 29. Qg4 Rh4 30. Qxh4 Nxh4 0-1

[Event "LSS No Engine Cup 223 Preliminary 0"]
[Site "LSS email"]
[Date "2021.11.19"]
[Round "?"]
[White "Kocian, Stefan"]
[Black "Verich, Oleg"]
[Result "0-1"]
[WhiteElo "1317"]
[BlackElo "1311"]
[PlyCount "58"]
[EventDate "2021.11.19"]
[EventType "tourn (corr)"]
[EventRounds "6"]
[EventCountry "GER"]
[SourceTitle "Corr 2024"]
[Source "ChessBase"]
[SourceDate "2023.10.19"]
[SourceVersion "1"]
[SourceVersionDate "2023.10.19"]
[SourceQuality "1"]

1. e4 Nf6 2. e5 Nd5 3. d4 d6 4. Nf3 Nc6 5. c3 Bg4 6. exd6 exd6 7. c4 Nf6 8. Be3 Be7 9. Be2 0-0 10. 0-0 Ne4 11. Nbd2 Nxd2 12. Qxd2 Bf6 13. Rad1 Re8 14. h3 Bh5 15. Ng5 Bxe2 16. Nxf7 Kxf7 17. Qxe2 Kg8 18. Qc2 Qe7 19. Qb3 b6 20. Rfe1 Qf7 21. Qd3 d5 22. c5 Re6 23. cxb6 axb6 24. a3 Na5 25. Rc1 Nc4 26. Re2 Rae8 27. Rce1 Qh5 28. a4 Re4 29. f3 R4e6 0-1

[Event "LSS SF-2021-0-00511"]
[Site "LSS email"]
[Date "2021.10.28"]
[Round "?"]
[White "Slavin, Pablo"]
[Black "Verich, Oleg"]
[Result "0-1"]
[WhiteElo "1159"]
[BlackElo "1048"]
[PlyCount "98"]
[EventDate "2021.03.20"]
[EventType "tourn (corr)"]
[EventRounds "6"]
[EventCountry "GER"]
[SourceTitle "Corr 2024"]
[Source "ChessBase"]
[SourceDate "2023.10.19"]
[SourceVersion "1"]
[SourceVersionDate "2023.10.19"]
[SourceQuality "1"]

1. e4 Nf6 2. e5 Nd5 3. d4 d6 4. c4 Nb6 5. Nf3 g6 6. Be3 Bg7 7. Nc3 Nc6 8. exd6 cxd6 9. d5 Ne5 10. Nxe5 Bxe5 11. Bh6 Qc7 12. Qb3 a6 13. Be3 Nd7 14. Be2 Bxc3+ 15. Qxc3 Nf6 16. Bd4 0-0 17. a4 Ne4 18. Qe3 Nf6 19. 0-0 Ne8 20. h3 e5 21. Bc3 f6 22. Kh1 Ng7 23. Bb4 Nf5 24. Qa3 Rd8 25. Rfd1 b6 26. Rac1 a5 27. Bd2 Nd4 28. Bf1 Bf5 29. Be3 Nc2 30. Qc3 Nxe3 31. Qxe3 Kg7 32. b3 Qc5 33. Qd2 Re8 34. g4 Bd7 35. Qe3 f5 36. Qxc5 bxc5 37. g5 f4 38. Re1 e4 39. h4 Bf5 40. Rc3 Re7 41. Kh2 h6 42. Bh3 Rf8 43. gxh6+ Kxh6 44. Bxf5 Rxf5 45. f3 e3 46. Rc2 Rh5 47. Kg2 Rxh4 48. Rh1 Rxh1 49. Kxh1 e2 0-1

[Event "OP-2021-0-05197"]
[Site "LSS email"]
[Date "2021.10.11"]
[Round "?"]
[White "Verich, Oleg"]
[Black "Obrien, Glenn"]
[Result "0-1"]
[WhiteElo "1048"]
[BlackElo "1276"]
[PlyCount "42"]
[EventDate "2021.10.07"]
[EventType "tourn (corr)"]
[EventRounds "4"]
[EventCountry "GER"]
[SourceTitle "Corr 2024"]
[Source "ChessBase"]
[SourceDate "2023.10.19"]
[SourceVersion "1"]
[SourceVersionDate "2023.10.19"]
[SourceQuality "1"]

1. e4 e5 2. Nf3 Nc6 3. Bc4 Nf6 4. d4 exd4 5. c3 Bc5 6. e5 d5 7. Bd3 Ne4 8. cxd4 Bb4+ 9. Nbd2 Bg4 10. h3 Bxf3 11. gxf3 Nxd2 12. Bxd2 Bxd2+ 13. Qxd2 Nxd4 14. Qd1 c5 15. Kf1 Qg5 16. Qa4+ Kd8 17. Rg1 Qxe5 18. Re1 Qh2 19. Re3 Qxh3+ 20. Rg2 Nxf3 21. Qg4 Nh2+ 0-1